|
|
|
|
| LEADER |
00000naa2a2200000 4500 |
| 001 |
394226 |
| 005 |
20231101064500.0 |
| 035 |
|
|
|a (RuTPU)RU\TPU\prd\30852
|
| 090 |
|
|
|a 394226
|
| 100 |
|
|
|a 20041208a2004 k y0rusy50 ca
|
| 101 |
0 |
|
|a rus
|
| 102 |
|
|
|a RU
|
| 200 |
1 |
|
|a Примерная программа дисциплины "Управление безопасностью труда"
|a (проект программы второго поколения)
|f сост. И. Е. Федотов; Сост. Б. Е. Прусенко
|
| 225 |
1 |
|
|a Образование
|
| 461 |
|
1 |
|0 (RuTPU)RU\TPU\prd\1137
|t Безопасность жизнедеятельности
|o научно-практический и учебно-методический журнал
|d 2001-
|
| 463 |
|
1 |
|0 (RuTPU)RU\TPU\prd\28900
|t № 9
|v С. 47-49
|d 2004
|
| 610 |
1 |
|
|a дисциплины
|
| 610 |
1 |
|
|a примерные программы
|
| 610 |
1 |
|
|a безопасность труда
|
| 610 |
1 |
|
|a управление
|
| 610 |
1 |
|
|a цели
|
| 610 |
1 |
|
|a задачи
|
| 610 |
1 |
|
|a содержание
|
| 702 |
|
1 |
|a Федотов
|b И. Е.
|4 220
|
| 702 |
|
1 |
|a Прусенко
|b Б. Е.
|4 220
|
| 801 |
|
1 |
|a RU
|b 63413507
|c 20041208
|g PSBO
|
| 942 |
|
|
|c BK
|